| Tag |
First Indicator |
Second Indicator |
Subfields |
| LEADER |
00000cam a2200000 4500 |
| 001 |
in00000042076 |
| 005 |
20151007070728.0 |
| 008 |
800313s1960 mnuab h 00000 eng u |
| 035 |
|
|
|a (OCoLC)06077064
|
| 035 |
|
|
|9 AAE4595AM
|
| 040 |
|
|
|c TWT
|d TXA
|d UtOrBLW
|
| 049 |
|
|
|a TXAM
|c 2 [350238]
|
| 090 |
|
|
|a QE41
|b .S62 1960
|
| 092 |
|
|
|a 550.72
|b S628h, 1960
|
| 100 |
1 |
|
|a Skillman, Margaret W.,
|d 1921-
|
| 245 |
1 |
0 |
|a Historical geology laboratory manual /
|c Rev. by V. Brown Monnett.
|
| 250 |
|
|
|a 2d ed.
|
| 264 |
|
1 |
|a Minneapolis :
|b Burgess Pub. Co.,
|c [1960]
|
| 300 |
|
|
|a 143 pages :
|b illustrations, maps, diagrams (part color)
|
| 336 |
|
|
|a text
|b txt
|2 rdacontent
|
| 337 |
|
|
|a unmediated
|b n
|2 rdamedia
|
| 338 |
|
|
|a volume
|b nc
|2 rdacarrier
|
| 650 |
|
0 |
|a Geology
|v Laboratory manuals.
|
| 650 |
|
0 |
|a Geology, Stratigraphic
|x Laboratory manuals.
|
| 700 |
1 |
|
|a Monnett, Victor Brown,
|d 1915-
|
| 999 |
|
|
|a MARS
|
| 999 |
f |
f |
|s c08082c8-290f-3aa9-9ed1-f9af7624a410
|i 902c6242-0798-342b-bd13-613d39ebf6e8
|t 0
|
| 952 |
f |
f |
|p ric
|a Texas A&M University
|b Rellis Campus
|c Joint Library Facility
|d Remote Storage
|t 0
|e QE41 .S62 1960
|h Library of Congress classification
|i unmediated -- volume
|m A14800949471
|
| 998 |
f |
f |
|a QE41 .S62 1960
|t 0
|l Remote Storage
|